| 000 | 01003cam a2200229 4500 | ||
|---|---|---|---|
| 001 | WB4021-03 | ||
| 008 | 040603n2004 000 0 eng u | ||
| 035 | _a(Sirsi) u126408 | ||
| 245 | _aBuilders miss out on recycling savings | ||
| 260 | _c2004 | ||
| 490 |
_aEnvironment Information Bulletin _v(139) June 2004, 5(1) |
||
| 520 | _aFour out of five construction companies have never looked at recycling site waste for cost-saving purposes, according to research by the Waste and Resources Action Programme (WRAP). WRAP found that 80% of builders have not considered the savings in landfill costs of a more thorough approach. One of the main problems with recyling is the cost, which put off 80% of builders. For more information about WRAP http://www.wrap.org.uk/ | ||
| 590 | _aWB | ||
| 590 | _aWB | ||
| 650 | _aRECYCLING | ||
| 650 | _aCONSTRUCTION FIRMS | ||
| 650 | _aCONSTRUCTION INDUSTRY | ||
| 650 | _aSAVINGS | ||
| 650 | _aCOSTS | ||
| 690 | _aBUILDING AND CONSTRUCTION | ||
| 942 | _n0 | ||
| 999 |
_c117470 _d117470 |
||